[Event "2017 Oceania Zone 3.6 Zonal Championshi"]
[Site "Auckland NZL"]
[Date "2017.01.14"]
[Round "1.22"]
[White "Buciu, Aurel-John"]
[Black "Chan, Luis"]
[Result "0-1"]
[WhiteElo "1718"]
[BlackElo "2135"]
[PlyCount "56"]
[EventDate "2017.01.14"]

1. d4 Nf6 2. Bf4 g6 3. e3 Bg7 4. Nf3 O-O 5. Be2 c5 6. c3 d5 7. h3 Nc6 8. dxc5
Ne4 9. O-O Nxc5 10. Nbd2 e5 11. Bg3 Bf5 12. Nb3 Ne4 13. Bh2 Rc8 14. Nfd2 Qb6
15. Nxe4 Bxe4 16. Re1 a5 17. Bg4 f5 18. f3 fxg4 19. fxe4 gxh3 20. Qxd5+ Kh8 21.
gxh3 a4 22. Qc5 Qd8 23. Nc1 Nd4 24. Qxf8+ Qxf8 25. exd4 exd4 26. Ne2 dxc3 27.
Nxc3 a3 28. Rf1 Qc5+ 0-1

[Event "2017 Oceania Zone 3.6 Zonal Championshi"]
[Site "Auckland NZL"]
[Date "2017.01.14"]
[Round "1.23"]
[White "Wheeler, Bruce"]
[Black "Booth, Anthony J"]
[Result "1-0"]
[WhiteElo "2120"]
[BlackElo "1716"]
[PlyCount "65"]
[EventDate "2017.01.14"]

1. e4 c5 2. Nf3 d6 3. d4 cxd4 4. Nxd4 Nc6 5. Nc3 a6 6. Be3 Nf6 7. f4 Ng4 8. Bg1
g6 9. h3 Nf6 10. Qd2 Bg7 11. O-O-O O-O 12. g4 Bd7 13. Be2 Ne8 14. h4 Nc7 15. h5
Qc8 16. hxg6 fxg6 17. Bc4+ Kh8 18. Rxh7+ Kxh7 19. Qh2+ Bh6 20. g5 Bh3 21. Rd3
Bxg5 22. Rxh3+ Qxh3 23. Qxh3+ Bh6 24. Nxc6 bxc6 25. Be3 Kg7 26. Qd7 Bxf4 27.
Bxf4 Rxf4 28. Qxc7 Kf6 29. Qxc6 Rh8 30. Nd5+ Kg5 31. Nxf4 Kxf4 32. Qd5 Rh1+ 33.
Kd2 1-0

[Event "2017 Oceania Zone 3.6 Zonal Championshi"]
[Site "Auckland NZL"]
[Date "2017.01.14"]
[Round "1.24"]
[White "Lu, Lillian"]
[Black "Chan, Kris"]
[Result "0-1"]
[WhiteElo "1710"]
[BlackElo "2120"]
[PlyCount "74"]
[EventDate "2017.01.14"]

1. d4 d5 2. Nf3 Nf6 3. Bf4 c5 4. c3 Nc6 5. e3 Qb6 6. Qb3 c4 7. Qxb6 axb6 8.
Nbd2 Bf5 9. Be2 h6 10. O-O e6 11. a4 Bc2 12. Bd1 Bd3 13. Re1 b5 14. b3 b4 15.
cxb4 c3 16. Nf1 Nxb4 17. Be2 Rc8 18. Ne5 Ba6 19. Rac1 Nd7 20. Bxa6 bxa6 21.
Red1 Nxe5 22. Bxe5 c2 23. Rd2 Rc3 24. e4 f6 25. Bg3 Be7 26. exd5 exd5 27. Ne3
Kf7 28. Nf5 Rhc8 29. Ne3 Rxb3 30. Kf1 Rb1 31. Rdxc2 Rxc1+ 32. Rxc1 Rxc1+ 33.
Ke2 Ra1 34. Kd2 Rxa4 35. Kc3 Ra3+ 36. Kb2 Ra2+ 37. Kb3 a5 0-1

[Event "2017 Oceania Zone 3.6 Zonal Championshi"]
[Site "Auckland NZL"]
[Date "2017.01.14"]
[Round "1.25"]
[White "Zhang, Leo"]
[Black "Borg, Zen"]
[Result "1-0"]
[WhiteElo "2099"]
[BlackElo "1709"]
[PlyCount "67"]
[EventDate "2017.01.14"]

1. d4 Nf6 2. c4 e6 3. Nc3 d5 4. cxd5 exd5 5. Bg5 Nbd7 6. Qc2 Be7 7. e3 c6 8.
Bd3 Nf8 9. Nge2 Ng6 10. O-O O-O 11. Rab1 Bg4 12. Ng3 Nh5 13. Bxe7 Qxe7 14. Nf5
Qg5 15. Ng3 Nxg3 16. hxg3 f5 17. b4 Rf6 18. b5 Ne7 19. bxc6 bxc6 20. Rb7 Rh6
21. f4 Qf6 22. Qb3 Qd6 23. e4 Kh8 24. e5 Qd8 25. Qb4 Re6 26. Na4 Ng6 27. Rb1
Re8 28. Nc5 h5 29. Rd7 Qc8 30. Ba6 Qb8 31. Qe1 Nf8 32. Rxb8 Raxb8 33. Rb7 Rxb7
34. Bxb7 1-0

[Event "2017 Oceania Zone 3.6 Zonal Championshi"]
[Site "Auckland NZL"]
[Date "2017.01.14"]
[Round "1.26"]
[White "Shen, Terry"]
[Black "Kethro, Michael"]
[Result "0-1"]
[WhiteElo "1706"]
[BlackElo "2091"]
[PlyCount "138"]
[EventDate "2017.01.14"]

1. d4 d5 2. Bf4 Nf6 3. e3 c5 4. c3 Qb6 5. Qc2 Nc6 6. Nf3 Bg4 7. Nbd2 e6 8. b3
Rc8 9. Bd3 Be7 10. O-O O-O 11. Qb2 Bh5 12. Ne5 Bg6 13. Bxg6 hxg6 14. Ndf3 Nxe5
15. Nxe5 Rfd8 16. Rac1 Qa6 17. b4 cxd4 18. cxd4 Ne4 19. a3 Nd6 20. Qa2 Nc4 21.
Nxc4 Rxc4 22. Rxc4 dxc4 23. Qb2 b5 24. Rc1 Rc8 25. h3 Qa4 26. Rc3 a5 27. bxa5
Ra8 28. Bc7 Rc8 29. Bb6 Bd6 30. g3 b4 31. axb4 Bxb4 32. Rc1 Bxa5 33. Bxa5 Qxa5
34. Qc3 Qd5 35. Rc2 Rb8 36. Rc1 Rc8 37. Rc2 Qf3 38. Rc1 g5 39. Rc2 Kh7 40. Rc1
Kg6 41. Qc2+ f5 42. Qd1 Qd5 43. Qe1 Kf6 44. Qc3 g4 45. h4 g5 46. h5 Kg7 47. Qb4
Rc7 48. Qb8 Qd7 49. Qb4 Qd5 50. Rc3 Qc6 51. Qc5 Qxc5 52. dxc5 Rxc5 53. Kf1 Kh6
54. Ke2 Kxh5 55. Kd2 Kg6 56. Rc2 Kf6 57. Kc3 Ke5 58. Rd2 Rd5 59. Ra2 Ke4 60.
Kxc4 Kf3 61. Rb2 Rd1 62. Kc5 Rf1 63. Kd6 Rxf2 64. Rb3 Kxg3 65. Kxe6 Kh2 66. Rb8
g3 67. Rh8+ Kg1 68. Kf6 g2 69. Kxg5 Kf1 0-1

[Event "2017 Oceania Zone 3.6 Zonal Championshi"]
[Site "Auckland NZL"]
[Date "2017.01.14"]
[Round "1.27"]
[White "Gong, Daniel Hanwen"]
[Black "Mukkattu, Philip"]
[Result "1-0"]
[WhiteElo "2090"]
[BlackElo "1705"]
[PlyCount "57"]
[EventDate "2017.01.14"]

1. e4 c6 2. d4 d5 3. e5 Bf5 4. Nc3 e6 5. g4 Bg6 6. Nge2 h6 7. Nf4 Bh7 8. Nh5
Bg6 9. Ng3 Nd7 10. Be3 Qb6 11. Qc1 c5 12. Nb5 a6 13. dxc5 Nxc5 14. Nd4 Qc7 15.
f4 Ne7 16. Bg2 Nc6 17. O-O Nxd4 18. Bxd4 Nd7 19. f5 Bh7 20. Qe3 Bc5 21. c3 Rc8
22. Rae1 f6 23. exf6 e5 24. fxg7 Rg8 25. Qxh6 Bxd4+ 26. cxd4 Nb6 27. Rxe5+ Kf7
28. Nh5 Qc6 29. Re6 1-0

[Event "2017 Oceania Zone 3.6 Zonal Championshi"]
[Site "Auckland NZL"]
[Date "2017.01.14"]
[Round "1.28"]
[White "Kumar, Viney"]
[Black "Duneas, John"]
[Result "1/2-1/2"]
[WhiteElo "1703"]
[BlackElo "2054"]
[PlyCount "45"]
[EventDate "2017.01.14"]

1. Nf3 d5 2. d4 Nf6 3. c4 c6 4. g3 dxc4 5. Nc3 b5 6. a3 Nd5 7. e4 Nxc3 8. bxc3
e6 9. Bg2 Nd7 10. O-O Bb7 11. Re1 Be7 12. Be3 Nb6 13. Ne5 O-O 14. Bh3 Kh8 15.
f4 Na4 16. Qc2 Qa5 17. Rec1 Rad8 18. f5 exf5 19. Bxf5 Nb6 20. Qe2 g6 21. Bh6
gxf5 22. Bxf8 Rxf8 23. Qh5 1/2-1/2

[Event "2017 Oceania Zone 3.6 Zonal Championshi"]
[Site "Auckland NZL"]
[Date "2017.01.14"]
[Round "1.29"]
[White "Parsonage, Ian P"]
[Black "Lim, Christopher"]
[Result "1/2-1/2"]
[WhiteElo "2043"]
[BlackElo "1691"]
[PlyCount "65"]
[EventDate "2017.01.14"]

1. e4 e6 2. d4 d5 3. Nd2 Nf6 4. Bd3 c5 5. e5 Nfd7 6. c3 Nc6 7. Ne2 cxd4 8. cxd4
f6 9. exf6 Nxf6 10. O-O Bd6 11. Nf3 Qc7 12. Bg5 O-O 13. Rc1 Bd7 14. h3 Rac8 15.
a3 a6 16. Bb1 Be8 17. Rc3 Qd7 18. Re1 Na5 19. Ne5 Bxe5 20. dxe5 Rxc3 21. Nxc3
Nh5 22. Qd4 g6 23. Rd1 Ng7 24. f4 Qc6 25. Ba2 Bf7 26. Kh2 b5 27. g4 Nc4 28.
Bxc4 Qxc4 29. Qb6 Ra8 30. Qb7 Qc8 31. Qe7 Qf8 32. Qb7 Qc8 33. Qe7 1/2-1/2

[Event "2017 Oceania Zone 3.6 Zonal Championshi"]
[Site "Auckland NZL"]
[Date "2017.01.14"]
[Round "1.30"]
[White "Jacobs, Hilton J"]
[Black "Soo-Burrowes, Eliot W"]
[Result "0-1"]
[WhiteElo "1678"]
[BlackElo "2040"]
[PlyCount "94"]
[EventDate "2017.01.14"]

1. Nf3 Nf6 2. b3 g6 3. Bb2 d5 4. e3 Bg7 5. d4 O-O 6. c4 c6 7. Nbd2 Bf5 8. Be2
Ne4 9. O-O Nxd2 10. Qxd2 Nd7 11. Nh4 Be6 12. f4 Nf6 13. Bd3 Ne4 14. Qc2 f5 15.
Nf3 Bf6 16. Bxe4 fxe4 17. Ne5 Bxe5 18. dxe5 dxc4 19. bxc4 Qd3 20. Qxd3 exd3 21.
Ba3 Kf7 22. Rac1 Bg4 23. Bb4 Rfd8 24. Rf2 c5 25. Bd2 Rab8 26. h3 Be6 27. g4 b5
28. f5 Bxc4 29. e6+ Kg8 30. e4 Rbc8 31. e5 Bd5 32. Bg5 Re8 33. a3 a5 34. h4 h5
35. gxh5 gxf5 36. Rxf5 Bxe6 37. Rf3 c4 38. Bh6 b4 39. axb4 axb4 40. Kg2 Kh7 41.
Rg1 Rg8+ 42. Bg5 Rc7 43. h6 b3 44. Rgf1 b2 45. Rf7+ Bxf7 46. Rxf7+ Kg6 47. Bxe7
Kxf7+ 0-1

[Event "2017 Oceania Zone 3.6 Zonal Championshi"]
[Site "Auckland NZL"]
[Date "2017.01.14"]
[Round "1.31"]
[White "Mallari, Donato"]
[Black "Shen, Kevin"]
[Result "1-0"]
[WhiteElo "2036"]
[BlackElo "1672"]
[PlyCount "79"]
[EventDate "2017.01.14"]

1. e4 c6 2. Nc3 d5 3. Nf3 Bg4 4. h3 Bh5 5. g4 Bg6 6. exd5 cxd5 7. Bb5+ Nc6 8.
Ne5 Qc7 9. d4 e6 10. h4 f6 11. Nxg6 hxg6 12. Qe2 Qd7 13. Bf4 O-O-O 14. Na4 g5
15. Bg3 gxh4 16. Bh2 Bd6 17. O-O-O Re8 18. Kb1 Bxh2 19. Rxh2 Qd6 20. Rh3 Kb8
21. c3 Nh6 22. Rxh4 Nf7 23. Rdh1 Rxh4 24. Rxh4 Rh8 25. Rxh8+ Nxh8 26. Qe3 Nf7
27. f4 g5 28. Nc5 gxf4 29. Qxe6 Qxe6 30. Nxe6 f3 31. Kc1 Nd6 32. Bd3 Ne4 33.
Bxe4 dxe4 34. Kd2 Ne7 35. Nc5 f2 36. Ke2 e3 37. Nd7+ Kc7 38. Nxf6 Kd6 39. Ne4+
Kd5 40. Ng3 1-0

[Event "2017 Oceania Zone 3.6 Zonal Championshi"]
[Site "Auckland NZL"]
[Date "2017.01.14"]
[Round "1.32"]
[White "Cooper, Nigel"]
[Black "Notley, David G"]
[Result "1-0"]
[WhiteElo "1643"]
[BlackElo "2036"]
[PlyCount "95"]
[EventDate "2017.01.14"]

1. e4 c5 2. Nf3 g6 3. c3 d5 4. e5 Nc6 5. d4 cxd4 6. cxd4 Qb6 7. Nc3 Be6 8. Na4
Qc7 9. Bb5 h5 10. Ng5 Bf5 11. Be3 e6 12. O-O Nge7 13. h3 Qa5 14. Nc3 h4 15. a3
a6 16. Bd3 Bxd3 17. Qxd3 b5 18. b4 Qb6 19. Kh2 Nf5 20. Ne2 Be7 21. Nf3 Rc8 22.
g4 hxg3+ 23. fxg3 Nxe3 24. Qxe3 O-O 25. Qh6 Nb8 26. Ng5 Bxg5 27. Qxg5 Rc2 28.
Rf2 Nc6 29. Raf1 Qd8 30. Qe3 Kg7 31. Qd3 Rc4 32. Rf6 Qc7 33. R1f4 Ne7 34. g4
Rc2 35. Qf3 Ng8 36. g5 Nxf6 37. gxf6+ Kg8 38. Qg4 Rxe2+ 39. Qxe2 Qc4 40. Qf2
Rc8 41. Qh4 Qe2+ 42. Rf2 Qe3 43. Kg2 Rc4 44. Qf4 Qxd4 45. Qh6 Qe4+ 46. Kg1 Qe1+
47. Rf1 Qg3+ 48. Kh1 1-0

[Event "2017 Oceania Zone 3.6 Zonal Championshi"]
[Site "Auckland NZL"]
[Date "2017.01.14"]
[Round "1.33"]
[White "Yan, Matthew"]
[Black "Renjith, Sravan"]
[Result "1-0"]
[WhiteElo "2019"]
[BlackElo "1612"]
[PlyCount "97"]
[EventDate "2017.01.14"]

1. e4 e5 2. Nf3 Nc6 3. d4 exd4 4. Nxd4 Nf6 5. Nc3 Bb4 6. Nxc6 bxc6 7. Bd3 d5 8.
exd5 cxd5 9. O-O O-O 10. h3 h6 11. Qf3 Rb8 12. Rd1 c6 13. Ne2 Nd7 14. Bf4 Rb6
15. c4 dxc4 16. Bxc4 Qf6 17. a3 Be7 18. b4 Ne5 19. Bxe5 Qxe5 20. Nc3 Bf6 21.
Na4 Rb8 22. Rac1 a5 23. Rb1 Bf5 24. Bd3 Bxd3 25. Rxd3 axb4 26. axb4 Be7 27. Qg4
Qb5 28. Rg3 g6 29. Nc3 Qb7 30. Ne4 Qc8 31. Qf4 Kh7 32. Nf6+ Bxf6 33. Qxf6 c5
34. Rc3 Qc7 35. Rc4 Rb6 36. Qc3 Rc8 37. Rc1 Qb7 38. Rxc5 Rxc5 39. bxc5 Rc6 40.
Qc4 Kg7 41. Qd4+ Kg8 42. Re1 Qc8 43. Re5 Re6 44. Rd5 Re8 45. Rd6 Qc7 46. g3 Qc8
47. Kh2 Qf5 48. c6 Kh7 49. Rf6 1-0

[Event "2017 Oceania Zone 3.6 Zonal Championshi"]
[Site "Auckland NZL"]
[Date "2017.01.14"]
[Round "1.34"]
[White "Wang, Aaron Ziwen"]
[Black "Rains, Edward"]
[Result "0-1"]
[WhiteElo "1598"]
[BlackElo "2017"]
[PlyCount "56"]
[EventDate "2017.01.14"]

1. c4 Nf6 2. Nc3 g6 3. g3 Bg7 4. Bg2 O-O 5. Nf3 d6 6. d4 Nc6 7. O-O a6 8. e4
Bg4 9. h3 Bxf3 10. Bxf3 e5 11. Be3 Nd7 12. d5 Ne7 13. Qd2 f5 14. Bh6 f4 15.
Bxg7 Kxg7 16. Qe2 Ng8 17. Bg4 Nh6 18. Bxd7 Qxd7 19. Kh2 f3 20. Qe3 Rf6 21. Nb1
Raf8 22. Nd2 Ng8 23. Qb3 g5 24. Qxb7 Rh6 25. h4 Rxh4+ 26. gxh4 Qg4 27. Nxf3
Rxf3 28. Qxc7+ Kh8 0-1

[Event "2017 Oceania Zone 3.6 Zonal Championshi"]
[Site "Auckland NZL"]
[Date "2017.01.14"]
[Round "1.35"]
[White "James, Jack"]
[Black "Prasad, Rudr"]
[Result "1-0"]
[WhiteElo "2012"]
[BlackElo "1566"]
[PlyCount "41"]
[EventDate "2017.01.14"]

1. e4 c5 2. Nc3 d6 3. f4 Nc6 4. Nf3 e6 5. Bb5 Bd7 6. O-O g6 7. d3 Bg7 8. Qe1
Nge7 9. a3 O-O 10. Bc4 a6 11. f5 exf5 12. Qh4 fxe4 13. Ng5 h5 14. Nxf7 Qc7 15.
dxe4 Kh7 16. Bf4 Nc8 17. Nd5 Qb8 18. Nf6+ Bxf6 19. Qxf6 Ne5 20. Ng5+ Kh6 21.
Qxf8# 1-0

[Event "2017 Oceania Zone 3.6 Zonal Championshi"]
[Site "Auckland NZL"]
[Date "2017.01.14"]
[Round "1.36"]
[White "Oka, Hikaru"]
[Black "Perera, Pasan"]
[Result "0-1"]
[WhiteElo "1559"]
[BlackElo "2004"]
[PlyCount "72"]
[EventDate "2017.01.14"]

1. c4 e5 2. d3 f5 3. Nc3 Nf6 4. g3 Be7 5. Bg2 O-O 6. Nf3 d6 7. O-O Na6 8. Rb1
Qe8 9. b4 Qh5 10. Nd2 g5 11. Nb3 c6 12. b5 Nc7 13. a4 f4 14. bxc6 bxc6 15. Na5
Bd7 16. e3 f3 17. Bxf3 Ng4 18. Bxg4 Bxg4 19. f3 Bxf3 20. Rxf3 Rxf3 21. Nxc6 Bf8
22. Ba3 g4 23. Ne4 Qh6 24. Bc1 Ne6 25. Rb2 Ng5 26. Nxg5 Qxg5 27. Rf2 Rxf2 28.
Kxf2 Bh6 29. Kg2 Rf8 30. c5 dxc5 31. Qb3+ Kh8 32. Bb2 Bg7 33. Qe6 Qxe3 34. Qxg4
Qd2+ 35. Kh3 Qh6+ 36. Kg2 Qxc6+ 0-1

[Event "2017 Oceania Zone 3.6 Zonal Championshi"]
[Site "Auckland NZL"]
[Date "2017.01.14"]
[Round "1.37"]
[White "Ng, Clive"]
[Black "Fikh, Anthony"]
[Result "1-0"]
[WhiteElo "1997"]
[BlackElo "1553"]
[PlyCount "149"]
[EventDate "2017.01.14"]

1. e4 c6 2. d4 d5 3. Nc3 dxe4 4. Nxe4 Nd7 5. Nf3 Ngf6 6. Nxf6+ Nxf6 7. Ne5 Bf5
8. Be2 e6 9. O-O Be7 10. Be3 O-O 11. c4 Rc8 12. Qb3 Qb6 13. Rfd1 Rfd8 14. h3
Qxb3 15. axb3 a6 16. g4 Be4 17. f3 Bc2 18. Rdc1 Bg6 19. h4 h6 20. Nxg6 fxg6 21.
g5 hxg5 22. hxg5 Nd7 23. Bd3 Kf7 24. Be4 Nf8 25. f4 Ra8 26. c5 Rd7 27. Kf2 Bd8
28. Rc4 Ra7 29. Rca4 Ra8 30. Ke2 Be7 31. Bd3 Rc8 32. Bc4 Bd8 33. Rh1 Rcc7 34.
Raa1 Re7 35. Rh8 Rc8 36. Rf1 Ke8 37. Kd3 Bc7 38. Bd2 Rd8 39. Re1 Kd7 40. Rh2
Rf7 41. Re4 Re8 42. Rhe2 Rfe7 43. Kc2 Bd8 44. Re1 Bc7 45. Be2 Bd8 46. Bg4 Bc7
47. Kb1 a5 48. Kc2 Bd8 49. Ra1 Bc7 50. b4 axb4 51. Bxb4 Rf7 52. Bd2 Rfe7 53.
Kd3 Rb8 54. Ra7 Ke8 55. Kc4 Bd8 56. b4 Rc8 57. b5 Rb8 58. Ra1 Kf7 59. Re3 Rc8
60. bxc6 Rxc6 61. Kb5 Rd7 62. Bc3 Rcc7 63. Ra8 Be7 64. Bf3 Rd8 65. Rxd8 Bxd8
66. d5 Re7 67. d6 Rd7 68. Bb4 Nh7 69. Rxe6 Kxe6 70. Bg4+ Kd5 71. Bxd7 Nxg5 72.
fxg5 Bxg5 73. Bc8 Bd8 74. Bxb7+ Ke6 75. c6 1-0

[Event "2017 Oceania Zone 3.6 Zonal Championshi"]
[Site "Auckland NZL"]
[Date "2017.01.14"]
[Round "1.38"]
[White "Perrin, Kevin J"]
[Black "Bhat, Vishal"]
[Result "1/2-1/2"]
[WhiteElo "1537"]
[BlackElo "1995"]
[PlyCount "91"]
[EventDate "2017.01.14"]

1. c4 e5 2. Nc3 Nf6 3. g3 Bb4 4. Bg2 O-O 5. e3 Re8 6. Nge2 c6 7. O-O d6 8. d4
Nbd7 9. b3 Nf8 10. Bb2 Ng6 11. dxe5 dxe5 12. Qc2 Qe7 13. a3 Ba5 14. b4 Bc7 15.
Na4 a5 16. Nc5 Bb6 17. Na4 Bc7 18. b5 c5 19. Nc1 Rb8 20. Nb3 b6 21. Rad1 Be6
22. Nd2 Red8 23. e4 h5 24. Nc3 Bg4 25. f3 Bd7 26. Nd5 Nxd5 27. exd5 f5 28. Rfe1
h4 29. Nf1 Qd6 30. Qc3 Re8 31. Rd2 Bd8 32. Rde2 Bf6 33. Qc2 Kf7 34. Bh3 hxg3
35. hxg3 f4 36. Bxd7 Qxd7 37. g4 Rh8 38. Rh2 Rxh2 39. Nxh2 Rh8 40. Re2 Rh3 41.
Qe4 Nh4 42. Rf2 Ng6 43. Rg2 Nh4 44. Rf2 Ng6 45. Rg2 Nh4 46. Rf2 1/2-1/2

[Event "2017 Oceania Zone 3.6 Zonal Championshi"]
[Site "Auckland NZL"]
[Date "2017.01.14"]
[Round "1.39"]
[White "Huang, Alex"]
[Black "Li, Rodney Xiang Rui"]
[Result "1-0"]
[WhiteElo "1993"]
[BlackElo "1525"]
[PlyCount "103"]
[EventDate "2017.01.14"]

1. d4 Nf6 2. c4 e6 3. Nc3 c5 4. d5 exd5 5. cxd5 d6 6. Nf3 g6 7. Bf4 a6 8. a4
Bg7 9. h3 O-O 10. e3 Qc7 11. Be2 Nbd7 12. O-O Re8 13. Nd2 Nb6 14. Bf3 Bd7 15.
Qb3 Rab8 16. Qa3 Bc8 17. a5 Nbd7 18. Nc4 Ne5 19. Bxe5 dxe5 20. d6 Qd8 21. Qxc5
e4 22. Be2 Be6 23. Rfd1 Bf8 24. Qb4 Rc8 25. Rd4 Bxc4 26. Bxc4 Qd7 27. Na4 Rc6
28. Nb6 Qd8 29. Rad1 Re5 30. Qb3 Rxa5 31. Nd5 Rxd6 32. Qxb7 Nxd5 33. Bxd5 Qd7
34. Bxf7+ Qxf7 35. Qxf7+ Kxf7 36. Rxd6 Bxd6 37. Rxd6 Rb5 38. Rxa6 Rxb2 39. Ra4
Kf6 40. Rxe4 Kf5 41. Ra4 h5 42. Rf4+ Kg5 43. h4+ Kh6 44. Rf6 Kg7 45. Ra6 Kh6
46. g3 Rc2 47. Kg2 Rb2 48. e4 Re2 49. Kf3 Re1 50. Kf4 Re2 51. f3 Kg7 52. Kg5
1-0

[Event "2017 Oceania Zone 3.6 Zonal Championshi"]
[Site "Auckland NZL"]
[Date "2017.01.14"]
[Round "1.40"]
[White "Hooton, Barry R"]
[Black "Louie, Ryan"]
[Result "0-1"]
[WhiteElo "1478"]
[BlackElo "1972"]
[PlyCount "76"]
[EventDate "2017.01.14"]

1. d4 Nf6 2. c4 g6 3. Nc3 d5 4. cxd5 Nxd5 5. e4 Nxc3 6. bxc3 Bg7 7. Bc4 c5 8.
Ne2 O-O 9. O-O Nc6 10. Bb2 Qc7 11. Qc2 Bd7 12. a3 Na5 13. Bb3 Rac8 14. Rac1 Qb6
15. Ba2 cxd4 16. Qd2 d3 17. Nf4 Bc6 18. Nd5 Bxd5 19. exd5 Nb3 20. Bxb3 Qxb3 21.
Rfe1 Rc7 22. Ba1 Qxd5 23. Red1 Rd8 24. Qe3 b5 25. g3 e5 26. Qg5 f6 27. Qd2 Rc4
28. Rb1 f5 29. Qe3 Rd7 30. Rb4 h6 31. Qd2 Kh7 32. Rdb1 a6 33. Re1 f4 34. Rxc4
bxc4 35. gxf4 exf4 36. Qxf4 Rf7 37. Qd2 Qh5 38. Re3 Be5 0-1

[Event "2017 Oceania Zone 3.6 Zonal Championshi"]
[Site "Auckland NZL"]
[Date "2017.01.14"]
[Round "1.41"]
[White "Goodhue, Nathan"]
[Black "Nylund, Micah"]
[Result "1-0"]
[WhiteElo "1966"]
[BlackElo "1477"]
[PlyCount "63"]
[EventDate "2017.01.14"]

1. b3 e5 2. Bb2 Nc6 3. g3 d5 4. Bg2 Nf6 5. d3 Bc5 6. e3 O-O 7. Nd2 Bf5 8. a3 a5
9. h3 Qd6 10. Ne2 a4 11. b4 Ba7 12. O-O b5 13. Nf3 e4 14. Nfd4 Nxd4 15. Nxd4
Bxd4 16. Bxd4 Rfc8 17. Qd2 c6 18. Qc3 h6 19. Bxf6 Qxf6 20. Qxf6 gxf6 21. dxe4
Bxe4 22. Bxe4 dxe4 23. g4 Rd8 24. Rfd1 Kg7 25. Kg2 Kg6 26. Kg3 Kg5 27. h4+ Kg6
28. Kf4 Rac8 29. h5+ Kg7 30. Kxe4 Rb8 31. Rd3 Ra8 32. Rad1 1-0

[Event "2017 Oceania Zone 3.6 Zonal Championshi"]
[Site "Auckland NZL"]
[Date "2017.01.14"]
[Round "1.42"]
[White "Liu, John"]
[Black "Willathgamuwa, Kevin"]
[Result "0-1"]
[WhiteElo "1440"]
[BlackElo "1966"]
[PlyCount "112"]
[EventDate "2017.01.14"]

1. d4 Nf6 2. Nf3 d5 3. Bf4 e6 4. e3 c5 5. c4 Nc6 6. Nc3 Be7 7. Be2 O-O 8. O-O
dxc4 9. Bxc4 b6 10. dxc5 Bxc5 11. Re1 Bb7 12. Rc1 h6 13. Bb5 Qe7 14. a3 Rfd8
15. Qe2 Rac8 16. Na4 Bd6 17. b4 Nd5 18. Bxd6 Qxd6 19. Red1 Nb8 20. Rxc8 Bxc8
21. e4 Nf4 22. Rxd6 Nxe2+ 23. Bxe2 Rxd6 24. Kf1 Kf8 25. Bb5 Bd7 26. Bxd7 Rxd7
27. Ke2 Nc6 28. Nc3 Nd4+ 29. Nxd4 Rxd4 30. Ke3 Rd7 31. Ke2 Ke7 32. g3 e5 33. h4
h5 34. Nd5+ Rxd5 35. exd5 Kd6 36. Kd3 Kxd5 37. f3 b5 38. Kc3 e4 39. f4 f5 40.
Kd2 Kd4 41. Ke2 Kc3 42. Ke3 Kb3 43. Kd4 Kxa3 44. Kc3 Ka4 45. Kc2 Kxb4 46. Kb2
e3 47. Kc2 Kc4 48. Kd1 Kd3 49. Ke1 e2 50. Kf2 Kd2 51. Kf3 e1=Q 52. g4 Qe2+ 53.
Kg3 Ke3 54. g5 Qf2+ 55. Kh3 Kf3 56. g6 Qg2# 0-1

[Event "2017 Oceania Zone 3.6 Zonal Championshi"]
[Site "Auckland NZL"]
[Date "2017.01.14"]
[Round "1.43"]
[White "Kumar, Manoj"]
[Black "Murdoch, Stephen"]
[Result "1-0"]
[WhiteElo "1962"]
[BlackElo "1438"]
[PlyCount "37"]
[EventDate "2017.01.14"]

1. d4 d5 2. c4 c6 3. Nc3 Nf6 4. Nf3 e6 5. Qc2 Nbd7 6. Bf4 Nh5 7. Bd2 Bd6 8. e4
dxc4 9. e5 Bxe5 10. dxe5 Qc7 11. Qe4 g6 12. Bh6 Rg8 13. Bxc4 Ng7 14. O-O Nf5
15. Be3 Nb6 16. Bb3 Bd7 17. Rac1 O-O-O 18. a4 c5 19. a5 1-0

[Event "2017 Oceania Zone 3.6 Zonal Championshi"]
[Site "Auckland NZL"]
[Date "2017.01.14"]
[Round "1.44"]
[White "Dai, Oliver"]
[Black "Bennett, Hilton P"]
[Result "0-1"]
[WhiteElo "1432"]
[BlackElo "1955"]
[PlyCount "80"]
[EventDate "2017.01.14"]

1. e4 g6 2. d4 Bg7 3. Nf3 d6 4. Bc4 Nf6 5. Nbd2 O-O 6. c3 Nc6 7. O-O e5 8. d5
Ne7 9. Re1 Ne8 10. Nf1 f5 11. Ng5 f4 12. Qb3 Nf6 13. f3 h6 14. Ne6 Bxe6 15.
dxe6 Rb8 16. Rd1 g5 17. a4 g4 18. Qa2 Qe8 19. b4 Qg6 20. Kh1 Nh7 21. Qe2 Ng5
22. fxg4 Qxe4 23. Re1 Qxe2 24. Rxe2 d5 25. Bb3 Nxe6 26. Ba3 Rfe8 27. b5 Rbd8
28. Rd1 c6 29. h3 Kf7 30. Red2 e4 31. c4 e3 32. Nxe3 fxe3 33. Re2 d4 34. c5 Nd5
35. Rf1+ Kg8 36. g3 Rf8 37. Ree1 Ng5 38. Kg2 Kh8 39. Bc2 Nc3 40. h4 Nge4 0-1

[Event "2017 Oceania Zone 3.6 Zonal Championshi"]
[Site "Auckland NZL"]
[Date "2017.01.14"]
[Round "1.45"]
[White "Yu, Bobby"]
[Black "Archer, Saffron"]
[Result "1-0"]
[WhiteElo "1955"]
[BlackElo "1417"]
[PlyCount "151"]
[EventDate "2017.01.14"]

1. d4 d5 2. c4 e6 3. Nf3 c6 4. g3 f5 5. Bg2 Nf6 6. O-O Bd6 7. Qc2 O-O 8. b3 Qe7
9. Bb2 b6 10. Ne5 Bb7 11. Nd2 Nbd7 12. f4 Ne4 13. Nxe4 fxe4 14. e3 Rac8 15.
Rac1 a6 16. Qe2 b5 17. c5 Bc7 18. b4 Nxe5 19. fxe5 a5 20. a3 axb4 21. axb4 Ra8
22. Ra1 Rxa1 23. Rxa1 Ra8 24. Rxa8+ Bxa8 25. Bh3 Bb7 26. Bc3 Bc8 27. Be1 Bd7
28. Bg4 Kf8 29. h4 h6 30. Qh2 Bd8 31. Be2 Qf7 32. Qh3 Qg6 33. Kh2 Qf7 34. Bd1
Be7 35. Qg2 Bd8 36. Bg4 Qg6 37. Bh3 Qf7 38. Qe2 Qe7 39. Kg1 Qf7 40. Kg2 Qe7 41.
Kh1 Qf7 42. Bf1 Be7 43. Kg1 Bd8 44. Qg2 g5 45. Be2 gxh4 46. gxh4 Qg7 47. Bg3
Ke7 48. Kh2 Kf8 49. Bd1 Qg6 50. Qh3 Kg7 51. Bf4 Be7 52. Bg4 Kh7 53. Bg3 Qf7 54.
Be2 Qg6 55. Qf1 Kg7 56. Qa1 Qe8 57. Qd1 Qf8 58. Bh5 Kh7 59. Kh3 Qf5+ 60. Bg4
Qf7 61. Bf4 Bf8 62. Qe2 Bg7 63. Bh5 Qf5+ 64. Kh2 Qf8 65. Qg4 Qf5 66. Qxf5+ exf5
67. Bf7 Bf8 68. e6 Bc8 69. Bd6 Kg7 70. Kg3 Bb7 71. Kf4 Ba6 72. Kxf5 Bc8 73. Kf4
Bb7 74. Be5+ Kh7 75. Bf6 Bc8 76. e7 1-0

[Event "2017 Oceania Zone 3.6 Zonal Championshi"]
[Site "Auckland NZL"]
[Date "2017.01.14"]
[Round "1.46"]
[White "Dias, Douglas"]
[Black "Fan, Allen Chi Zhou"]
[Result "0-1"]
[WhiteElo "1399"]
[BlackElo "1952"]
[PlyCount "78"]
[EventDate "2017.01.14"]

1. e4 Nf6 2. e5 Nd5 3. d4 d6 4. Nf3 dxe5 5. Nxe5 c6 6. Be2 Bf5 7. O-O Nd7 8.
Nf3 e6 9. Nh4 Qxh4 10. a3 Bd6 11. g3 Qe7 12. c4 N5f6 13. Nc3 Ne4 14. Re1 Nxc3
15. bxc3 Nf6 16. d5 O-O 17. Bf3 Rad8 18. Qa4 cxd5 19. cxd5 Qc7 20. Bg5 Be5 21.
Qxa7 h6 22. Bxf6 Bxf6 23. dxe6 Bxe6 24. Rac1 Bg5 25. Rb1 Qxc3 26. Qxb7 Bf5 27.
Be4 Rfe8 28. h4 Bd2 29. Re2 Bg4 30. f3 Rxe4 31. Qxe4 Bxf3 32. Qe7 Qd4+ 33. Kh2
Bxe2 34. Qxe2 Qd3 35. Qe7 Bf4 36. gxf4 Qc2+ 37. Kh3 Rd3+ 38. Kg4 Qg2+ 39. Kf5
Rd5+ 0-1

[Event "2017 Oceania Zone 3.6 Zonal Championshi"]
[Site "Auckland NZL"]
[Date "2017.01.14"]
[Round "1.47"]
[White "Crossman, Tom"]
[Black "Nylund, Benjamin"]
[Result "1-0"]
[WhiteElo "1945"]
[BlackElo "1390"]
[PlyCount "45"]
[EventDate "2017.01.14"]

1. c4 c5 2. Nf3 d6 3. d4 cxd4 4. Nxd4 Nf6 5. Nc3 g6 6. e4 Bg7 7. Be2 Bd7 8. Be3
Nc6 9. O-O O-O 10. f4 e5 11. fxe5 dxe5 12. Nxc6 Bxc6 13. Qxd8 Raxd8 14. Bg5 Rd6
15. c5 Re6 16. Bc4 Bxe4 17. Bxe6 fxe6 18. Bxf6 Bxg2 19. Bxg7 Rxf1+ 20. Rxf1
Bxf1 21. Bxe5 Bh3 22. Ne4 Bf5 23. Nd6 1-0